[Event "Riga Tech Rapid op"]
[Site "Riga"]
[Date "2021.08.08"]
[Round "9"]
[White "Bogdanovics, Kirills"]
[Black "Morkunas, Gustas"]
[Result "0-1"]
[WhiteElo "1847"]
[BlackElo "1732"]
[PlyCount "68"]
[EventDate "2021.08.08"]
[EventType "swiss (rapid)"]
[EventRounds "9"]
[EventCountry "LAT"]
[SourceTitle "CBM 203 Extra"]
[Source "ChessBase"]
[SourceDate "2021.09.30"]
[SourceVersion "1"]
[SourceVersionDate "2021.09.30"]
[SourceQuality "1"]

1. d4 Nf6 2. c4 g6 3. Nc3 Bg7 4. e4 d6 5. Nf3 0-0 6. h3 e5 7. d5 a5 8. g4 Na6 9. Be2 Nd7 10. h4 Ndc5 11. h5 Bxg4 12. h6 Bh8 13. Be3 Bxf3 14. Bxf3 b6 15. Qd2 Nb4 16. 0-0-0 Nxa2+ 17. Kb1 Nxc3+ 18. Qxc3 a4 19. Ka2 Nb3 20. Rdg1 Nd4 21. Bg4 c5 22. dxc6 Nxc6 23. Bg5 Bf6 24. Bd7 Nd4 25. Bxf6 Qxf6 26. f4 Ne2 27. Qe3 Nxg1 28. f5 Kh8 29. fxg6 fxg6 30. Rxg1 Qf2 31. Qg5 a3 32. Rb1 axb2+ 33. Kb3 Rf3+ 34. Kb4 Qc5# 0-1

[Event "Riga Tech Rapid op"]
[Site "Riga"]
[Date "2021.08.08"]
[Round "3"]
[White "Bogdanovics, Kirills"]
[Black "Vignesh, NR."]
[Result "0-1"]
[WhiteElo "1847"]
[BlackElo "2428"]
[PlyCount "62"]
[EventDate "2021.08.08"]
[EventType "swiss (rapid)"]
[EventRounds "9"]
[EventCountry "LAT"]
[SourceTitle "CBM 203 Extra"]
[Source "ChessBase"]
[SourceDate "2021.09.30"]
[SourceVersion "1"]
[SourceVersionDate "2021.09.30"]
[SourceQuality "1"]

1. b3 Nf6 2. Bb2 g6 3. c4 Bg7 4. g3 0-0 5. Bg2 c6 6. e3 d5 7. Ne2 dxc4 8. bxc4 c5 9. d3 Nc6 10. a3 Bf5 11. d4 Na5 12. Nd2 Nd7 13. e4 Bg4 14. f3 Be6 15. Qc2 cxd4 16. Bxd4 Bxd4 17. Nxd4 Qb6 18. Nxe6 Qe3+ 19. Kf1 fxe6 20. Re1 Qxa3 21. Bh3 Nc5 22. Kg2 Rad8 23. Rhf1 Nc6 24. Nb1 Qb4 25. Qc3 Qa4 26. Na3 Rd4 27. Ra1 a6 28. Nc2 Rxc4 29. Rxa4 Rxc3 30. Nd4 Nxa4 31. Bxe6+ Kg7 0-1

[Event "Riga Tech Rapid op"]
[Site "Riga"]
[Date "2021.08.08"]
[Round "4"]
[White "Salna, Aleksandras"]
[Black "Bogdanovics, Kirills"]
[Result "1/2-1/2"]
[WhiteElo "2177"]
[BlackElo "1847"]
[PlyCount "136"]
[EventDate "2021.08.08"]
[EventType "swiss (rapid)"]
[EventRounds "9"]
[EventCountry "LAT"]
[SourceTitle "CBM 203 Extra"]
[Source "ChessBase"]
[SourceDate "2021.09.30"]
[SourceVersion "1"]
[SourceVersionDate "2021.09.30"]
[SourceQuality "1"]

1. d4 d5 2. c4 c6 3. Nf3 Nf6 4. Nc3 e6 5. Bg5 h6 6. Bh4 g5 7. Bg3 dxc4 8. e4 b5 9. Be2 Be7 10. h4 g4 11. Ne5 h5 12. 0-0 Bb7 13. d5 cxd5 14. exd5 a6 15. dxe6 fxe6 16. Qc2 Rg8 17. Rad1 Qb6 18. Rfe1 Nbd7 19. b3 Nxe5 20. Bxe5 Qc6 21. Bf1 Kf7 22. Bxf6 Bxf6 23. Qh7+ Rg7 24. Qxh5+ Kg8 25. Ne4 Bb2 26. Rd6 Qc7 27. Rxe6 Rf8 28. Rh6 Rgf7 29. Rh8+ Bxh8 30. bxc4 Bd4 31. cxb5 Qf4 32. Qg6+ Rg7 33. Qe6+ Kh8 34. Kh1 Be5 35. Ng3 Bb8 36. Re2 Qf6 37. Qxf6 Rxf6 38. Nh5 Rf8 39. Nxg7 Kxg7 40. bxa6 Bxa6 41. Re7+ Kf6 42. Re1 Bxf1 43. Rxf1 Ke5 44. g3 Ba7 45. Kg2 Ke4 46. Re1+ Kd3 47. Rf1 Ke2 48. a4 Rf5 49. a5 Rxa5 50. f3 gxf3+ 51. Rxf3 Be3 52. Rf8 Bh6 53. Re8+ Kd3 54. Kf3 Ra7 55. Rd8+ Kc4 56. g4 Rf7+ 57. Kg3 Bf4+ 58. Kh3 Bc7 59. Rc8 Kd5 60. g5 Ke4 61. Kg4 Be5 62. Re8 Rf1 63. Kh5 Rh1 64. Ra8 Bg3 65. Ra4+ Kf5 66. g6 Bxh4 67. Rxh4 Rxh4+ 68. Kxh4 Kxg6 1/2-1/2

[Event "EU-ch Online U16"]
[Site "Tornelo INT"]
[Date "2020.09.18"]
[Round "2"]
[White "Bogdanovics, Kirills"]
[Black "Vanjare, Aditya"]
[Result "1-0"]
[WhiteElo "1815"]
[BlackElo "1493"]
[PlyCount "117"]
[EventDate "2020.09.18"]
[EventType "swiss (rapid)"]
[EventRounds "9"]
[EventCountry "NET"]
[SourceTitle "EXT 2023"]
[Source "ChessBase"]
[SourceDate "2022.10.05"]
[SourceVersion "1"]
[SourceVersionDate "2022.10.05"]
[SourceQuality "1"]
[WhiteTeam "Latvia"]
[BlackTeam "Kanalinseln"]
[WhiteTeamCountry "LAT"]
[BlackTeamCountry "JCI"]

1. d4 Nf6 2. c4 d6 3. Nc3 g6 4. e4 Nbd7 5. Nf3 e5 6. d5 Bg7 7. Be3 0-0 8. h3 Nb6 9. g4 c6 10. Be2 cxd5 11. cxd5 Bd7 12. Nd2 Rc8 13. f3 Ne8 14. h4 f5 15. gxf5 gxf5 16. Bg5 Nf6 17. Bd3 h6 18. Bxf6 Qxf6 19. Qe2 Be8 20. exf5 Bd7 21. Nde4 Qe7 22. f6 Bxf6 23. Rg1+ Kh8 24. Kd2 Bg7 25. Qg2 Rf7 26. Qg6 Bf5 27. Qxd6 Bxe4 28. Qxe7 Rxe7 29. fxe4 Rf7 30. Raf1 Rcf8 31. Nb5 a6 32. Nd6 Rd7 33. Nf5 Na4 34. Nxg7 Rxf1 35. Bxf1 Rxg7 36. Rxg7 Kxg7 37. b4 Nb6 38. Kc3 Kf7 39. Bh3 Ke7 40. Kb3 Kd6 41. a4 Na8 42. Bc8 Kc7 43. Bg4 Kd6 44. Kc4 b6 45. a5 b5+ 46. Kd3 Nc7 47. Ke3 Ke7 48. Kf3 Kd6 49. Bf5 Ke7 50. Kg4 Ne8 51. Kh5 Nd6 52. Kg6 h5 53. Kxh5 Nxf5 54. exf5 e4 55. Kg4 Kd6 56. f6 e3 57. Kf3 Kd7 58. Kxe3 Ke8 59. d6 1-0

[Event "EU-ch Online U16"]
[Site "Tornelo INT"]
[Date "2020.09.18"]
[Round "1"]
[White "Chaqryan, Erik"]
[Black "Bogdanovics, Kirills"]
[Result "1-0"]
[WhiteElo "2231"]
[BlackElo "1815"]
[PlyCount "119"]
[EventDate "2020.09.18"]
[EventType "swiss (rapid)"]
[EventRounds "9"]
[EventCountry "NET"]
[SourceTitle "EXT 2023"]
[Source "ChessBase"]
[SourceDate "2022.10.05"]
[SourceVersion "1"]
[SourceVersionDate "2022.10.05"]
[SourceQuality "1"]
[WhiteTeam "Armenia"]
[BlackTeam "Latvia"]
[WhiteTeamCountry "ARM"]
[BlackTeamCountry "LAT"]

1. c4 e5 2. g3 Nf6 3. Bg2 c6 4. Nf3 e4 5. Nd4 d5 6. cxd5 cxd5 7. 0-0 Nc6 8. Nxc6 bxc6 9. d3 exd3 10. Qxd3 Be7 11. Nc3 Bb7 12. Rd1 0-0 13. b3 Nd7 14. Bb2 Bf6 15. Rac1 Re8 16. e3 Nc5 17. Qc2 Ne6 18. Na4 Rc8 19. Nc5 Bxb2 20. Qxb2 Nxc5 21. Rxc5 Qb6 22. Rdc1 h6 23. Qd4 Rcd8 24. b4 Re7 25. a3 Kh8 26. h4 Kg8 27. Qc3 Re6 28. Rd1 Ree8 29. Rd4 Re7 30. Rg4 g6 31. Bf1 Qc7 32. Bd3 Qd6 33. Ra5 Ba8 34. Rd4 Re6 35. Rxa7 Re7 36. Ra6 Bb7 37. Ra7 Ba8 38. Rxe7 Qxe7 39. Qc5 Qf6 40. a4 Re8 41. a5 g5 42. hxg5 hxg5 43. a6 Re6 44. b5 Qf3 45. Bf1 Rh6 46. Bg2 Qe2 47. Qc1 c5 48. Rd2 Qxb5 49. Rb2 Qxa6 50. Rb8+ Kh7 51. Qxc5 Qa1+ 52. Bf1 Rh1+ 53. Kxh1 Qxf1+ 54. Kh2 Qxf2+ 55. Kh3 Qf1+ 56. Kg4 Qe2+ 57. Kxg5 f6+ 58. Kxf6 Qf3+ 59. Ke7 Qe4+ 60. Kd8 1-0

[Event "EU-ch Online U16"]
[Site "Tornelo INT"]
[Date "2020.09.18"]
[Round "3"]
[White "Fecker, Noah"]
[Black "Bogdanovics, Kirills"]
[Result "1-0"]
[WhiteElo "2087"]
[BlackElo "1815"]
[PlyCount "47"]
[EventDate "2020.09.18"]
[EventType "swiss (rapid)"]
[EventRounds "9"]
[EventCountry "NET"]
[SourceTitle "EXT 2023"]
[Source "ChessBase"]
[SourceDate "2022.10.05"]
[SourceVersion "1"]
[SourceVersionDate "2022.10.05"]
[SourceQuality "1"]
[WhiteTeam "Schweiz"]
[BlackTeam "Latvia"]
[WhiteTeamCountry "SUI"]
[BlackTeamCountry "LAT"]

1. e4 c5 2. Nf3 d6 3. Bb5+ Bd7 4. Bxd7+ Qxd7 5. c4 Nc6 6. Nc3 Nf6 7. d4 cxd4 8. Nxd4 e6 9. 0-0 Be7 10. Be3 0-0 11. f4 Rfd8 12. Qe2 a6 13. Rac1 Rac8 14. b3 Qc7 15. f5 exf5 16. Nxf5 Bf8 17. Nd5 Qd7 18. Nxf6+ gxf6 19. Rf3 Ne5 20. Rh3 Ng6 21. Qh5 h6 22. Bxh6 Qe6 23. Bxf8 Kxf8 24. Qh8+ 1-0

[Event "EU-ch Online U2300 Qual"]
[Site "Chess.com INT"]
[Date "2020.05.25"]
[Round "3"]
[White "Bogdanovics, Kirills"]
[Black "Mirimanian, Hayk"]
[Result "0-1"]
[WhiteElo "1657"]
[BlackElo "2268"]
[PlyCount "135"]
[EventDate "2020.05.25"]
[EventType "swiss"]
[EventRounds "8"]
[EventCountry "NET"]
[SourceTitle "EXT 2021"]
[Source "ChessBase"]
[SourceDate "2020.10.23"]
[SourceVersion "1"]
[SourceVersionDate "2020.10.23"]
[SourceQuality "1"]

1. d4 d5 2. c4 dxc4 3. e3 e5 4. Bxc4 exd4 5. Qxd4 Qxd4 6. exd4 Nc6 7. Nf3 Bg4 8. Be3 Bb4+ 9. Nc3 Bxf3 10. gxf3 Nge7 11. 0-0-0 0-0 12. Rhg1 Nf5 13. a3 Bd6 14. f4 Rfe8 15. d5 Na5 16. Bd3 Nxe3 17. fxe3 Rxe3 18. Kc2 b6 19. b4 Nb7 20. Rgf1 a5 21. Kb3 axb4 22. axb4 Rae8 23. Ba6 Nd8 24. Rd4 f5 25. Bb5 R8e7 26. Ra1 Rf3 27. Ra8 Ree3 28. Rxd8+ Kf7 29. Rd7+ Kf6 30. Rc4 Re7 31. Rxe7 Kxe7 32. Rd4 Kf6 33. Kc4 Bxf4 34. h4 Be5 35. Rd3 Rf4+ 36. Kb3 Rxh4 37. Rf3 Bd6 38. Bd3 Rxb4+ 39. Kc2 Rf4 40. Rh3 g5 41. Rxh7 Rf2+ 42. Kb3 g4 43. Rh8 g3 44. Rg8 Be5 45. Ne2 g2 46. Bc4 f4 47. Ng1 Bd4 48. Ne2 Bc5 49. Ng1 Ke5 50. Re8+ Kd4 51. Re2 Rxe2 52. Bxe2 Ke4 53. Nf3 Kxd5 54. Bd3 g1Q 55. Nxg1 Bxg1 56. Kc3 Be3 57. Be2 Ke4 58. Kc2 f3 59. Bf1 Bg5 60. Kd1 Ke3 61. Bh3 b5 62. Ke1 c5 63. Bd7 b4 64. Be6 Bh4+ 65. Kf1 Kd3 66. Bf5+ Kd4 67. Be6 c4 68. Bf5 0-1

[Event "EU-ch Online U2300 Qual"]
[Site "Chess.com INT"]
[Date "2020.05.25"]
[Round "4"]
[White "Pham, Khoi"]
[Black "Bogdanovics, Kirills"]
[Result "1-0"]
[WhiteElo "2048"]
[BlackElo "1657"]
[PlyCount "115"]
[EventDate "2020.05.25"]
[EventType "swiss"]
[EventRounds "8"]
[EventCountry "NET"]
[SourceTitle "EXT 2021"]
[Source "ChessBase"]
[SourceDate "2020.10.23"]
[SourceVersion "1"]
[SourceVersionDate "2020.10.23"]
[SourceQuality "1"]

1. d4 d5 2. c4 c6 3. Nf3 Nf6 4. Nc3 e6 5. g3 Nbd7 6. Bg2 dxc4 7. a4 Bb4 8. 0-0 0-0 9. Qc2 b6 10. Rd1 Qc7 11. Na2 Bd6 12. Nd2 Bb7 13. Nxc4 Rfd8 14. Nxd6 Qxd6 15. Bf4 Qe7 16. a5 Nd5 17. Bd2 Rac8 18. e4 N5f6 19. Nc3 e5 20. a6 Ba8 21. dxe5 Nxe5 22. Bf4 c5 23. Nb5 Rxd1+ 24. Rxd1 Bc6 25. Nxa7 Qxa7 26. Bxe5 Qxa6 27. Bxf6 gxf6 28. Qc3 Re8 29. Qxf6 Qa4 30. Qg5+ Kh8 31. Rd8 Rxd8 32. Qxd8+ Kg7 33. Qg5+ Kf8 34. h4 Bxe4 35. Qh6+ Kg8 36. Qxb6 Bxg2 37. Kxg2 Qe4+ 38. Kh2 Qd4 39. Kg1 Qd1+ 40. Kg2 Qd5+ 41. f3 Qd2+ 42. Kh3 Qd7+ 43. g4 Qd4 44. g5 Qd7+ 45. Kg3 Qd4 46. Qf6 Qg1+ 47. Kh3 c4 48. h5 Qh1+ 49. Kg4 Qg2+ 50. Kf4 Qd2+ 51. Kg3 Qe1+ 52. Kg4 Qg1+ 53. Kf4 Qh2+ 54. Ke3 Qxh5 55. Qh6 Qxh6 56. gxh6 Kf8 57. Kd4 Ke7 58. Kxc4 1-0

[Event "EU-ch U14"]
[Site "Bratislava"]
[Date "2019.08.06"]
[Round "5"]
[White "Bogdanovics, Kirills"]
[Black "Meskenas, Paulius"]
[Result "0-1"]
[WhiteElo "1600"]
[BlackElo "1974"]
[PlyCount "90"]
[EventDate "2019.08.02"]
[EventType "swiss"]
[EventRounds "9"]
[EventCountry "SVK"]
[SourceTitle "EXT 2020"]
[Source "ChessBase"]
[SourceDate "2019.10.17"]
[SourceVersion "1"]
[SourceVersionDate "2019.10.17"]
[SourceQuality "1"]

1. d4 Nf6 2. Nc3 g6 3. e4 d6 4. f4 Bg7 5. Nf3 Nh5 6. Be2 Bg4 7. 0-0 Nd7 8. e5 Nb6 9. Ng5 Bxe2 10. Qxe2 h6 11. Nxf7 Kxf7 12. f5 dxe5 13. fxg6+ Ke8 14. Qxh5 Qxd4+ 15. Kh1 Rd8 16. Rf7 e4 17. Be3 Qe5 18. Qxe5 Bxe5 19. Raf1 Rg8 20. Bc5 Nc8 21. Nxe4 Rxg6 22. Rf8+ Kd7 23. Rd1+ Nd6 24. Rxd8+ Kxd8 25. Nxd6 exd6 26. Bd4 Bxd4 27. Rxd4 Re6 28. Kg1 Re2 29. Rc4 b5 30. Rc3 c5 31. g3 Ke7 32. h4 b4 33. Rc4 Re1+ 34. Kf2 Ra1 35. Kf3 Rxa2 36. b3 Ra1 37. Kg4 Rg1 38. c3 a5 39. Re4+ Kf6 40. Rf4+ Kg6 41. h5+ Kg7 42. c4 Re1 43. Rf2 Re3 44. Rf3 Rxf3 45. Kxf3 a4 0-1

[Event "EU-ch U14"]
[Site "Bratislava"]
[Date "2019.08.02"]
[Round "1"]
[White "Bogdanovics, Kirills"]
[Black "Lopez Varela, Pablo"]
[Result "1-0"]
[WhiteElo "1600"]
[BlackElo "2020"]
[PlyCount "69"]
[EventDate "2019.08.02"]
[EventType "swiss"]
[EventRounds "9"]
[EventCountry "SVK"]
[SourceTitle "EXT 2020"]
[Source "ChessBase"]
[SourceDate "2019.10.17"]
[SourceVersion "1"]
[SourceVersionDate "2019.10.17"]
[SourceQuality "1"]

1. d4 d6 2. Nf3 Nf6 3. c4 g6 4. Nc3 Bg7 5. e4 0-0 6. Be2 Nbd7 7. 0-0 c5 8. d5 Ne8 9. Be3 Nc7 10. Qd2 Re8 11. Bh6 Bh8 12. Ng5 Rb8 13. f4 a6 14. h4 b5 15. h5 Nb6 16. f5 gxf5 17. exf5 Bd4+ 18. Kh1 bxc4 19. Nf3 Bf6 20. Ng5 Bd7 21. Rf3 Be5 22. Rf4 Bf6 23. Rg4 Bxf5 24. Ne6+ Bxg4 25. Nxd8 Bxe2 26. Nc6 Bxh5 27. Nxb8 Rxb8 28. Bg5 Bxc3 29. bxc3 Ncxd5 30. Bxe7 Nxe7 31. Qg5+ Bg6 32. Qxe7 Na4 33. Qxd6 Rb2 34. Qe5 Nb6 35. Rd1 1-0